| 000 | 01435nam a22002897a 4500 | ||
|---|---|---|---|
| 001 | 000209472 | ||
| 003 | AM-YeHGA | ||
| 005 | 20250617124123.0 | ||
| 008 | 030329s1990 ru |||||||||||||||||rus d | ||
| 020 | _a5020058556 | ||
| 040 | _aAM-YeHGA | ||
| 041 | 0 | _arus | |
| 100 | 1 | _aПантелеев, Павел Александрович | |
| 245 | 1 | 0 |
_aЭкогеографическая изменчивость грызунов / _cП.А. Пантелеев, А.Н. Терехина, А.А. Варшавский ; Отв. ред. В.Н. Большаков; АН СССР. Ин-т эволюц. морфологии и экологии животных им. А. Н. Северцова. |
| 260 |
_aМосква : _bНаука, _c1990. |
||
| 300 |
_a372,[1] с. : _bил. ; _c25 см. |
||
| 500 | _aУказ. назв. млекопитающих: с. 335-340 | ||
| 504 | _aБиблиогр.: с. 341-369 | ||
| 650 | 1 | 4 |
_aГрызуны _xГеографическая изменчивость |
| 700 | 1 | _aПантелеев, П.А. | |
| 700 | 1 | _aТерехина, Алла Николаевна | |
| 700 | 1 | _aВаршавский, Андрей Александрович | |
| 700 | 1 |
_aБольшаков, В.Н. _eред. _4edt |
|
| 710 | 2 | _aИнститут эволюционной морфологии и экологии животных им. А.Н. Северцова АН СССР | |
| 942 |
_2udc _cBK |
||
| 090 | _c74203 | ||
| 999 |
_c72985 _d72985 |
||